000 01023cab a2200217 4500
001 ##L135576
008 061020n2006 000 0 eng u
035 _a(Sirsi) u135576
041 _aeng
100 1 _aMcAllister, Sean
245 0 0 _aRegional
_bWest Midlands
260 3 _c2006
490 0 _aProperty Week
_v71(44) 3 November 2006, 81-109 (13)
520 _aLooks at: new development in Birmingham's Jewellery quarter; two retail developments in Birmingham which are competing to attract affluent shoppers; three developers who are vying to land the Qualifications and Curriculum Authority as a tenant in Coventry; speculative building which is finally going ahead at Prupim's high-profile scheme and Property Week and the British Council for Offices who teamed up to debate Birmingham's infrastructure problems.
590 _aIKA141106
651 4 _aWEST MIDLANDS
690 _aPROPERTY-COMMERCIAL PROPERTY-COMMERCIAL PROPERTY MARKET
700 1 _aChesters, Laura
700 1 _aWatson, Stuart
942 _n0
999 _c77942
_d77942